[Event "Cap d'Agde KO"]
[Site "Cap d'Agde"]
[Date "1998.10.30"]
[Round "3.2"]
[White "Gelfand, Boris"]
[Black "Karpov, Anatoly"]
[Result "1/2-1/2"]
[WhiteElo "2675"]
[BlackElo "2725"]

1.d4 Nf6 2.c4 e6 3.Nc3 Bb4 4.Nf3 c5 5.g3 d5 6.cxd5 Nxd5 7.Bd2 cxd4 8.Nxd5 Bxd2+
9.Qxd2 Qxd5 10.Qxd4 Qxd4 11.Nxd4 Bd7 12.Bg2 Nc6 13.Nxc6 Bxc6 14.Bxc6+ bxc6
15.O-O-O Rd8 16.Rxd8+ Kxd8 17.Rd1+ Kc7 18.Rd4 e5 19.Rh4 h6 20.Rg4 g6 21.Ra4 Kb6
22.Re4 Re8 23.Kc2 f5 24.Rb4+ Kc7 25.f3 a5 26.Ra4 Kb6 27.Ra3 e4 28.Kd2 Rd8+
29.Ke3 Re8 30.Kf4 exf3 31.exf3 Re2 32.Rb3+ Kc7 33.h4 a4 34.Ra3 Rxb2 35.Rxa4 Kd6
36.h5 gxh5 37.Kxf5 Rg2 38.Rd4+ Kc5 39.Rh4 Rxg3 40.f4 Kd4 41.Rxh5 c5 42.Rxh6 Rg2
43.a4 Ra2 44.Rd6+ Ke3 45.Re6+ Kd3 46.Rd6+ Ke3 47.Ra6 c4 48.Ke5 c3 49.f5 c2
50.Rc6 Kd2 51.f6 Rxa4 52.f7  1/2-1/2

[Event "Chigorin mem"]
[Site "St. Petersburg"]
[Date "1998.10.31"]
[Round "1"]
[White "Ananchenko, Igori"]
[Black "Kupreichik, Viktor D"]
[Result "0-1"]
[WhiteElo "2285"]
[BlackElo "2505"]

1.d4 Nf6 2.c4 e6 3.Nc3 Bb4 4.Nf3 d5 5.Bg5 h6 6.Bxf6 Qxf6 7.e3 O-O 8.Be2 dxc4
9.Bxc4 c5 10.O-O cxd4 11.exd4 b6 12.Qd3 Bb7 13.Rad1 Bxf3 14.gxf3 Nc6 15.Qe4 Ne7
16.Qg4 Bxc3 17.bxc3 Rac8 18.d5 h5 19.Qd4 Qxd4 20.Rxd4 Nf5 21.Rf4 g5 22.Rxf5 exf5
23.Bd3 Rxc3 24.Rd1 Rd8 25.Bxf5 Rxf3 26.Be4 Rf4 27.Bc2 Kf8 28.d6 Rf6 29.d7 Ke7
30.Ba4 a6 31.Rd5 b5 32.Bb3 Rxd7 33.Rxg5 Rg6  0-1

[Event "Escaldes zt"]
[Site "Escaldes"]
[Date "1998.11.06"]
[Round "1"]
[White "Van Wely, Loek"]
[Black "Kosten, Anthony C"]
[Result "1-0"]
[WhiteElo "2635"]
[BlackElo "2515"]

1.d4 Nf6 2.c4 e6 3.Nc3 Bb4 4.Nf3 b6 5.Bg5 Bb7 6.e3 h6 7.Bh4 Bxc3+ 8.bxc3 d6
9.Nd2 Nbd7 10.f3 O-O 11.Bd3 e5 12.O-O Qe8 13.Qc2 g5 14.Bf2 Nh5 15.Rfe1 Qe7
16.Nf1 e4 17.fxe4 Rae8 18.e5 dxe5 19.e4 Nf4 20.Ng3 Qe6 21.a4 a5 22.Bf1 Qg6
23.Rab1 Bc8 24.d5 Nf6 25.d6 cxd6 26.Rxb6 Ng4 27.c5 Re6 28.Rb8 Rf6 29.Nh1 Nxf2
30.Nxf2 dxc5 31.g3 Nh5 32.Nd3 Re8 33.Nxc5 Rc6 34.Rb5 Rd8 35.Nd3 f6 36.Rxa5 Be6
37.Nc5 Bf7 38.Rd1 Rdc8 39.Qf2 Ng7 40.Rd7 Ne6 41.Nb7 Rxc3 42.Nd6 Nd4 43.Rxf7 Rc2
44.Qxf6 Qxf6 45.Rxf6 Rd8 46.Nb5 Ne2+ 47.Bxe2 Rxe2 48.Nd6  1-0

[Event "Chigorin mem"]
[Site "St. Petersburg"]
[Date "1998.11.06"]
[Round "6"]
[White "Shchukin, Dmitry"]
[Black "Aseev, Konstantin N"]
[Result "0-1"]
[WhiteElo "2400"]
[BlackElo "2525"]

1.d4 Nf6 2.c4 e6 3.Nc3 Bb4 4.Nf3 c5 5.g3 cxd4 6.Nxd4 O-O 7.Bg2 d5 8.Qb3 Bxc3+
9.bxc3 Nc6 10.cxd5 Na5 11.Qc2 Nxd5 12.Qd3 Qc7 13.Nb5 Qc6 14.a4 a6 15.e4 Nb6
16.Ba3 Re8 17.Nd6 Rd8 18.O-O e5 19.Rfd1 Bg4 20.Bf3 Be6 21.Qe3 Nbc4 22.Nxc4 Nxc4
23.Qg5 Rxd1+ 24.Rxd1 f6 25.Qc1 Qxa4 26.Be7 Qe8 27.Bc5 Qc6 28.Be3 a5 29.Be2 Qxe4
30.Bd3 Qf3 31.Bxc4 Bxc4 32.Qd2 Bb3  0-1

[Event "SWE-chT 9899"]
[Site "Sweden"]
[Date "1998.11.07"]
[Round "4"]
[White "Sjodin, Bengt"]
[Black "Schneider, Stefan"]
[Result "1/2-1/2"]
[WhiteElo "2175"]
[BlackElo "2320"]

1.d4 Nf6 2.Nf3 e6 3.c4 Bb4+ 4.Nc3 c5 5.g3 cxd4 6.Nxd4 O-O 7.Bg2 d5 8.cxd5 Nxd5
9.Qb3 Qa5 10.Bd2 Nc6 11.Nc2 Bxc3 12.bxc3 Nb6 13.O-O Qh5 14.Bf3 Qg6 15.e4 Na5
16.Qb4 Nc6 17.Qb3 Na5 18.Qb4 Nc6  1/2-1/2

[Event "Oberliga Sued W9899"]
[Site "Wuertemberg"]
[Date "1998.11.08"]
[Round "2"]
[White "Lorscheid, Gerhard"]
[Black "Rau, Juergen"]
[Result "1/2-1/2"]
[WhiteElo "2300"]
[BlackElo "2175"]

1.d4 Nf6 2.c4 e6 3.Nc3 Bb4 4.Nf3 O-O 5.g3 b6 6.Bg2 Bb7 7.O-O c5 8.Nb5 cxd4
9.Qxd4 Nc6 10.Qd3 d5 11.cxd5 Qxd5 12.Qxd5 Nxd5 13.Rd1 a6 14.Nbd4 Nxd4 15.Nxd4 Rac8
16.Bh3 Rfe8 17.e4 Nf6 18.f3 h6 19.Be3 Bc5 20.Kf2 Kf8 21.Rac1 Ke7 22.Nb3  1/2-1/2

[Event "AUT-chT2O 9899"]
[Site "AUT"]
[Date "1998.11.15"]
[Round "4"]
[White "Wiedermann, Franz"]
[Black "Steiner, Heinz"]
[Result "1/2-1/2"]
[WhiteElo "2160"]
[BlackElo "2165"]

1.d4 Nf6 2.c4 e6 3.Nf3 Bb4+ 4.Nc3 b6 5.Bg5 h6 6.Bh4 Bb7 7.Qc2 g5 8.Bg3 Ne4
9.e3 f5 10.Bd3 O-O 11.O-O Nxg3 12.fxg3 Bxc3 13.bxc3 Nc6 14.e4 Ne7  1/2-1/2

[Event "Wch U20"]
[Site "Calicut"]
[Date "1998.11.21"]
[Round "5"]
[White "Florean, Andrei"]
[Black "Janssen, Ruud"]
[Result "1-0"]
[WhiteElo "2450"]
[BlackElo "2345"]

1.d4 Nf6 2.c4 e6 3.Nc3 Bb4 4.Nf3 b6 5.Bg5 Bb7 6.e3 h6 7.Bh4 Bxc3+ 8.bxc3 d6
9.Nd2 g5 10.Bg3 Qe7 11.f3 Nbd7 12.Qa4 c5 13.Be2 e5 14.dxe5 dxe5 15.e4 Nh5
16.Nf1 Qe6 17.Ne3 Bc6 18.Qa3 O-O 19.O-O-O Ndf6 20.Nf5 Ne8 21.h4 Nhg7 22.Rd5 Bxd5
23.cxd5 Qf6 24.hxg5 Qxg5+ 25.f4 Nxf5 26.fxg5 Nxg3 27.Re1 hxg5 28.Bb5 Nd6
29.Bc6 Rad8 30.Qxa7 Ndxe4 31.Qxb6 Nxc3 32.Qxc5 Nce2+ 33.Kd1 Nf4 34.Rxe5 f6
35.Re7 Nf5 36.Rd7 Rde8 37.d6 Re1+ 38.Kd2 Re2+ 39.Kc3 Re3+ 40.Kc4 Re5 41.Qb6 Re1
42.Bd5+ Kh8 43.Rd8 Nxd5 44.Rxf8+ Kg7 45.Kxd5  1-0

[Event "ITA-ch"]
[Site "Saint Vincent"]
[Date "1998.11.23"]
[Round "3"]
[White "Efimov, Igor"]
[Black "Fabiano, Giuseppe"]
[Result "1-0"]
[WhiteElo "2530"]
[BlackElo "2265"]

1.d4 Nf6 2.Nf3 e6 3.c4 Bb4+ 4.Nc3 c5 5.g3 Nc6 6.Bg2 O-O 7.O-O Bxc3 8.bxc3 d6
9.Bf4 Nh5 10.Bg5 Qc7 11.e4 e5 12.d5 Na5 13.Nd2 g6 14.f4 exf4 15.gxf4 f5 16.e5 dxe5
17.fxe5 Qxe5 18.Re1 Qxc3 19.Rc1 Qb2 20.Nf3 Nf6 21.Rc2 Qb6 22.d6 Bd7 23.Bxf6 Rxf6
24.Qd5+ Kh8 25.Ng5 Raf8 26.Re7 Qb1+ 27.Bf1 Be6 28.Nxe6  1-0

[Event "ROM-ch"]
[Site "Bucuresti"]
[Date "1998.12.09"]
[Round "2"]
[White "Florean, Andrei"]
[Black "Marin, Mihail"]
[Result "1-0"]
[WhiteElo "2450"]
[BlackElo "2530"]

1.d4 Nf6 2.c4 e6 3.Nc3 Bb4 4.Nf3 b6 5.Bg5 Bb7 6.e3 h6 7.Bh4 g5 8.Bg3 Ne4
9.Qc2 Bxc3+ 10.bxc3 Nxg3 11.fxg3 g4 12.Nh4 Nc6 13.Bd3 Qf6 14.Qe2 h5 15.Rf1 Qg7
16.Kf2 Rh6 17.Kg1 Rf6 18.Rfb1 d6 19.Be4 O-O-O 20.a4 d5 21.Bd3 Qg5 22.c5 e5
23.cxb6 axb6 24.Rf1 Re8 25.Rxf6 Qxf6 26.Qf2 Qxf2+ 27.Kxf2 e4 28.Be2 Re6 29.h3 Rf6+
30.Ke1 Kb8 31.hxg4 hxg4 32.Bxg4 Ba6 33.Be2 Bxe2 34.Kxe2 Na5 35.g4 Rh6 36.g3 Nc4
37.Rf1 Rh7 38.Rf5 c6 39.Rf6 Kc7 40.Nf5 Nb2 41.g5  1-0

[Event "ROM-ch"]
[Site "Bucuresti"]
[Date "1998.12.11"]
[Round "4"]
[White "Florean, Andrei"]
[Black "Itkis, Boris"]
[Result "1/2-1/2"]
[WhiteElo "2450"]
[BlackElo "2465"]

1.d4 Nf6 2.c4 e6 3.Nc3 Bb4 4.Nf3 c5 5.g3 cxd4 6.Nxd4 Ne4 7.Qd3 Qa5 8.Nb3 Nxc3
9.Bd2 Ne4 10.Qxe4 Bxd2+ 11.Nxd2 O-O 12.Bg2 Nc6 13.Qe3 d5 14.cxd5 exd5 15.Qc3 Qxc3
16.bxc3 Be6 17.Nb3 Rac8 18.O-O Rc7 19.Rfd1 Rfc8 20.Bxd5 Bxd5 21.Rxd5 Ne7
22.Rd3 Rxc3 23.Rad1  1/2-1/2

[Event "BL2-N9899"]
[Site "Germany"]
[Date "1998.12.13"]
[Round "3.6"]
[White "Knuth, Hannes"]
[Black "Mattick, Lutz"]
[Result "1-0"]
[WhiteElo "2275"]
[BlackElo "2265"]

1.d4 Nf6 2.c4 e6 3.Nc3 Bb4 4.Nf3 c5 5.e3 Nc6 6.Bd3 Bxc3+ 7.bxc3 d6 8.O-O e5
9.Nd2 Qe7 10.d5 e4 11.Nxe4 Nxe4 12.dxc6 O-O 13.Qc2 Nf6 14.cxb7 Bxb7 15.f3 Kh8
16.Rd1 Nd7 17.Bf1 f5 18.Bd2 Rae8 19.Be1 Qxe3+ 20.Qf2 Qe6 21.Rab1 Ba8 22.Qd2 Ne5
23.Qxd6 Nxf3+ 24.gxf3 Qe3+ 25.Bf2 Qxf3 26.Rd5 Rf6 27.Rb8 Rg6+ 28.Qxg6 Rxb8
29.Qg3 Qxg3+ 30.Bxg3 Rf8 31.Bd6 Rd8 32.Rxf5  1-0

[Event "Gudmundur Arason op 4th"]
[Site "Hafnarfjordur"]
[Date "1998.12.17"]
[Round "4"]
[White "Asgeirsson, Heimir"]
[Black "Einarsson, Bergsteinn"]
[Result "0-1"]
[WhiteElo "2115"]
[BlackElo "2210"]

1.d4 Nf6 2.c4 e6 3.Nc3 Bb4 4.Nf3 O-O 5.Bg5 h6 6.Bxf6 Qxf6 7.Rc1 c5 8.dxc5 Na6
9.Qb3 Rd8 10.g3 Qe7 11.a3 Bxc3+ 12.Qxc3 Nxc5 13.Bg2 d6 14.Nd4 Rb8 15.b4 Nd7
16.O-O Nf6 17.Rfd1 Bd7 18.Qb3 e5 19.Nc2 Be6 20.Ne3 e4 21.Qb1 b5 22.cxb5 d5
23.a4 Bg4 24.Qb2 Be6 25.Rc6 Ne8 26.Qd4 Rd7 27.f3 Nf6 28.Rdc1 Qd8 29.R1c5 h5
30.Rc1 g6 31.h3 Kh7 32.f4 Qe7 33.Rf1 Ne8 34.f5 gxf5 35.Nxf5 Qg5 36.Qe5 Rbd8
37.Kh2 Nd6 38.g4 Bxf5 39.gxf5 Rg8 40.Rf2  0-1

[Event "Oxford GM-B"]
[Site "Oxford"]
[Date "1998.12.20"]
[Round "6"]
[White "Barsov, Alexei"]
[Black "Burnett, Ronald"]
[Result "1-0"]
[WhiteElo "2475"]
[BlackElo "2395"]

1.d4 Nf6 2.Nf3 e6 3.c4 Bb4+ 4.Nc3 b6 5.Qb3 c5 6.Bg5 Bb7 7.e3 h6 8.Bh4 Nc6
9.O-O-O Na5 10.Qc2 Bxc3 11.Qxc3 g5 12.Bg3 Ne4 13.Qc2 Nxg3 14.hxg3 Bxf3 15.gxf3 cxd4
16.Rxd4 Rc8 17.Kb1 Qc7 18.f4 Qb7 19.Rh5 Qf3 20.Rh2 Nc6 21.Rd2 Nb4 22.Qc3  1-0

[Event "Gudmundur Arason op 4th"]
[Site "Hafnarfjordur"]
[Date "1998.12.21"]
[Round "8"]
[White "Asgeirsson, Heimir"]
[Black "Bjarnason, Saevar"]
[Result "0-1"]
[WhiteElo "2115"]
[BlackElo "2295"]

1.d4 Nf6 2.c4 e6 3.Nc3 Bb4 4.Nf3 O-O 5.Bg5 h6 6.Bh4 c5 7.e3 cxd4 8.exd4 d5
9.a3 Be7 10.c5 b6 11.b4 bxc5 12.bxc5 Qa5 13.Qd2 Ba6 14.Ne5 Bxf1 15.Rxf1 Rc8
16.Ke2 Nc6 17.Nxc6 Qa6+ 18.Qd3 Qxc6 19.Qb5 Qc7 20.Bg3 Qd8 21.h3 Nh5 22.Bh2 Bg5
23.Rfb1 Bf4 24.g3 Bc7 25.Qa6 e5 26.Nb5 exd4 27.Nd6 Bxd6 28.Qxd6 Qe8+ 29.Kf1 Qe4
30.Kg1 Rd8 31.Qc7 Rac8 32.Qxa7 d3 33.Qb6 Nf6 34.Qb5 Qd4 35.Qb4 Qxc5 36.Qxc5 Rxc5
37.Rd1 Rc3 38.g4 Ra8 39.a4 Ne4 40.Be5 Rb3 41.a5 f6 42.Bc7 d2 43.Kg2 Rd3 44.Ra2 Rc8
45.a6 Nc3  0-1

[Event "Aarhus Masters op"]
[Site "Aarhus"]
[Date "1998.??.??"]
[Round "6"]
[White "Matthiesen, Arne"]
[Black "Skytte, Rasmus"]
[Result "1-0"]
[WhiteElo "2280"]
[BlackElo "2205"]

1.Nf3 Nf6 2.c4 e6 3.d4 Bb4+ 4.Nc3 c5 5.g3 b6 6.Bg2 Bb7 7.O-O O-O 8.dxc5 Bxc5
9.Bf4 Nc6 10.Qa4 Ne7 11.b4 Bxf3 12.Bxf3 Bd4 13.Rac1 Bxc3 14.Bxa8 Qxa8 15.Rxc3 Ng6
16.Bc1 Ne4 17.Rc2 d5 18.cxd5 Qxd5 19.f3 Ng5 20.Bxg5 Qxg5 21.Qxa7 Qe3+ 22.Kg2 h5
23.Qb7 h4 24.Qe4 Qg5 25.f4 Qb5 26.Ra1 Ne7 27.a4 Qa6 28.b5 Qa7 29.Kh3 Nd5
30.Qf3 Qd7 31.e4 Nf6 32.Rd1 Qe7 33.Rd4 e5 34.Rdc4 Qd7+ 35.f5 g5 36.Qe3 g4+
37.Kxh4 Kh7 38.Qg5 Qd1 39.Qxf6 Qf1 40.Kxg4 Rg8+ 41.Kh4 Rg7 42.Rc6  1-0

[Event "Bayern-ch Bank Hofmann 2nd"]
[Site "Bad Wiesse"]
[Date "1998.??.??"]
[Round "3"]
[White "Biebinger, Gerhard"]
[Black "Lutz, Christopher"]
[Result "0-1"]
[WhiteElo "2335"]
[BlackElo "2600"]

1.d4 Nf6 2.c4 e6 3.Nc3 Bb4 4.Nf3 c5 5.e3 Bxc3+ 6.bxc3 d6 7.Nd2 Nc6 8.Bd3 e5
9.d5 Ne7 10.f3 Bf5 11.e4 Bd7 12.Nf1 Qc7 13.Ne3 O-O-O 14.Qc2 Kb8 15.Bd2 Nh5
16.Rb1 g6 17.Rb2 Nf4 18.O-O Nxd3 19.Qxd3 Ka8 20.Be1 Rhf8 21.Bg3 f5 22.Bh4 Rde8
23.Bxe7 Rxe7 24.exf5 Bxf5 25.Qd1 g5 26.Rbf2 Bg6 27.Qd2 Qd8 28.g3 Rg7 29.Kh1 h5
30.Kg1 Qe7 31.Qe2 a6 32.Qd2 h4 33.gxh4 gxh4 34.Rg2 Bh5 35.Rxg7 Qxg7+ 36.Qg2 Qh6
37.Ng4 Qf4 38.h3 Qxc4 39.Qf2 Bf7 40.Qxh4 Bxd5 41.Qe7 Qf4 42.Rf2 Qg3+ 43.Kf1 Bc4+  0-1

[Event "Bayern-ch Bank Hofmann 2nd"]
[Site "Bad Wiesse"]
[Date "1998.??.??"]
[Round "9"]
[White "Schnur, Gerhard"]
[Black "Cladouras, Panagiotis"]
[Result "1/2-1/2"]
[WhiteElo "2120"]
[BlackElo "2360"]

1.d4 Nf6 2.c4 e6 3.Nc3 Bb4 4.Nf3 c5 5.g3 Nc6 6.Bg2 Qa5 7.O-O cxd4 8.Nxd4 O-O
9.Nxc6 bxc6 10.Bd2 Qa6 11.b3 Rb8 12.Ne4 Nxe4 13.Bxe4 d5 14.Bf4 Rb7 15.cxd5 cxd5
16.Bd3 Qa3 17.Bc1 Qa5 18.Bb2 Rc7 19.Be5 Rc6 20.a3 Bd6 21.b4 Qc7 22.Bxd6 Qxd6
23.Rc1 Rxc1 24.Qxc1 Bb7 25.Qb1 g6 26.Rd1 Qe5 27.Qa1 d4 28.Rc1 Qd5 29.f3 Qg5
30.Qb1 Qe3+ 31.Kf1 e5 32.Rc7 Rc8 33.Rxc8+ Bxc8 34.Kg2 Qd2 35.Qb3 Bf5 36.Qc4 Bxd3
37.Qxd3 Qc1 38.Qb5  1/2-1/2

[Event "Bagneux"]
[Site "Bagneux"]
[Date "1998.??.??"]
[Round "2"]
[White "Bartha, Sandor"]
[Black "Gyorkos, Lajos"]
[Result "0-1"]
[WhiteElo "2265"]
[BlackElo "2435"]

1.d4 Nf6 2.c4 e6 3.Nc3 Bb4 4.Nf3 c5 5.e3 O-O 6.Be2 b6 7.O-O Bb7 8.a3 Bxc3
9.bxc3 Nc6 10.a4 Na5 11.Ba3 Qc7 12.Nd2 Ba6 13.Rc1 e5 14.f4 exd4 15.cxd4 Rfe8
16.Rf3 cxd4 17.exd4 d5 18.Rf2 dxc4 19.Bb2 Nd5 20.Qc2 Rac8 21.Qf5 Rcd8 22.Bf3 Bb7
23.Bxd5 Bxd5 24.Qg4 f6 25.f5 Re3 26.Nf1 Re4 27.Qh3 Rde8 28.Bc3 Nb3 29.Rd1 Qd7
30.Ra2 g5 31.fxg6 Qxh3 32.gxh3 hxg6 33.Ng3 Re3  0-1

[Event "Regionalliga SO9899"]
[Site "Bayern"]
[Date "1998.??.??"]
[Round "?"]
[White "Lipok, Erik"]
[Black "Bauer, Frank"]
[Result "1-0"]
[WhiteElo "2025"]
[BlackElo "1875"]

1.c4 Nf6 2.Nc3 e6 3.d4 Bb4 4.Nf3 b6 5.Qb3 c5 6.a3 Bxc3+ 7.Qxc3 Bb7 8.e3 O-O
9.Be2 cxd4 10.exd4 d5 11.c5 bxc5 12.dxc5 Ne4 13.Qc2 Qc7 14.b4 a6 15.O-O Nd7
16.Bd3 f5 17.Nd4 Rfc8 18.Bb2 Nf8 19.f3 Nf6 20.Rfe1 Qd7 21.Qe2 Kf7 22.Rac1 Nh5
23.Qe5 Nf6 24.Rc2 Bc6 25.Qe2 Bb7 26.Rec1 Bc6 27.Bxa6 Rcb8 28.Nxc6 Qxc6 29.b5 Qc7
30.Be5  1-0

[Event "Beersheba-St Petersburg"]
[Site "Beersheba"]
[Date "1998.??.??"]
[Round "7"]
[White "Huzman, Alexander"]
[Black "Loginov, Valery A"]
[Result "1-0"]
[WhiteElo "2610"]
[BlackElo "2500"]

1.d4 Nf6 2.c4 e6 3.Nc3 Bb4 4.Nf3 c5 5.g3 cxd4 6.Nxd4 O-O 7.Bg2 d5 8.cxd5 Nxd5
9.Qb3 Na6 10.O-O Nxc3 11.bxc3 Be7 12.Rd1 Nc5 13.Qc4 Bd7 14.Be3 Rc8 15.Nc6 Bxc6
16.Rxd8 Rfxd8 17.Bxc6 Rxc6 18.a4 h6 19.Rb1 b6 20.a5 bxa5 21.Rb7 Nxb7 22.Qxc6 Nd6
23.c4 Kf8 24.Qa6 a4 25.Bxa7 a3 26.Bb6 Rb8 27.c5 Nc8 28.Bc7 Rb1+ 29.Kg2 f6
30.Qxe6 Na7 31.Bd6 Rb7 32.c6 Nxc6 33.Qc8+ Nd8 34.Qxd8+ Kf7 35.Bxe7 Rxe7 36.e3 Ra7
37.Qb8 Ra5  1-0

[Event "Berliner Sommer 16th"]
[Site "Berlin"]
[Date "1998.??.??"]
[Round "4"]
[White "Cech, Pavel"]
[Black "Parker, Jonathan"]
[Result "1/2-1/2"]
[WhiteElo "2370"]
[BlackElo "2510"]

1.d4 Nf6 2.c4 e6 3.Nc3 Bb4 4.Nf3 b6 5.Bg5 h6 6.Bh4 g5 7.Bg3 Ne4 8.Qc2 Bb7
9.Nd2 Bxc3 10.bxc3 f5 11.f3 Nxg3 12.hxg3 Nc6 13.g4 Qf6 14.gxf5 Qxf5 15.Qxf5 exf5
16.e4 fxe4 17.fxe4 O-O-O 18.Bd3 d6 19.Ke2 Rdf8 20.Raf1 Rxf1 21.Nxf1 Ne7 22.Ne3 Kd8
23.g4 Ng6 24.Nf5 Nf4+ 25.Ke3 h5 26.gxh5 Rxh5 27.Rxh5 Nxh5 28.d5 Bc8 29.Nd4 Bd7
30.e5 dxe5 31.Nf3 Ke7 32.Nxg5 Nf6 33.Bf1 Bf5 34.a3 Ng4+ 35.Ke2 Nh6 36.Kd2 Nf7
37.Nf3 Be4 38.Ne1 Nd6 39.Bd3 c6 40.Bxe4 Nxe4+ 41.Kd3 Nc5+ 42.Kd2 Kd6 43.dxc6 Kxc6
44.Nf3 Kd6 45.Ng5 Ke7 46.Nh3 Ke6 47.Nf2 Kd6 48.Kc2 Kc6 49.Kd2 Nb7 50.Kd3 Kd7
51.Ng4 Ke6 52.Ne3 Nd6 53.Nd5 Kd7 54.Ne3 Kc6 55.Ng4 Nf7 56.Nf2 Ng5 57.Ng4 Kd6
58.Ke3 Nf7 59.Kd3 Kc5 60.Nf6 Ng5  1/2-1/2

[Event "Berliner Sommer 16th"]
[Site "Berlin"]
[Date "1998.??.??"]
[Round "8"]
[White "Parker, Jonathan"]
[Black "Urday, Henry"]
[Result "1/2-1/2"]
[WhiteElo "2510"]
[BlackElo "2475"]

1.d4 Nf6 2.c4 e6 3.Nf3 Bb4+ 4.Nc3 c5 5.g3 O-O 6.Bg2 cxd4 7.Nxd4 d5 8.Qb3 Bxc3+
9.Qxc3 e5 10.Nb3 d4 11.Qa5 Qe7 12.O-O Nc6 13.Qc5 Qc7 14.Bg5 Nd7 15.Qa3 Nb6
16.Rac1 Be6 17.Na5 Rac8 18.b3 Nd7 19.Nxc6 bxc6 20.Be7 Rfe8 21.Bd6 Qb6 22.b4 Bg4
23.f3 Bf5 24.c5 Qb5 25.Rfe1 Nf6 26.e4 dxe3 27.Bf1 Qb7 28.Ba6 Qd7 29.Bxc8 Rxc8
30.Bxe5 Nd5 31.Bd4 Rb8 32.Bxe3 Rxb4 33.Rcd1 Rb5 34.Bf2 h6 35.Qa4  1/2-1/2

[Event "SLO-ch U20"]
[Site "Bled"]
[Date "1998.??.??"]
[Round "?"]
[White "Frangez, Simon"]
[Black "Pregarac, V."]
[Result "1/2-1/2"]
[WhiteElo "2145"]
[BlackElo "1865"]

1.d4 e6 2.c4 Nf6 3.Nc3 Bb4 4.Nf3 c5 5.a3 Bxc3+ 6.bxc3 O-O 7.Qc2 d6 8.Bg5 Nbd7
9.e3 e5 10.d5 Qa5 11.Nd2 b5 12.Bd3 h6 13.Bh4 Ba6 14.cxb5 Bxb5 15.Bxb5 Qxb5
16.c4 Qa6 17.O-O Rab8 18.f3 Rb6 19.Rfb1 Rfb8 20.Rxb6 Rxb6 21.Be1 Qb7 22.Rb1 Rxb1
23.Nxb1 Qa6 24.Qb3 Nb6 25.Nd2 Nfd7  1/2-1/2

[Event "Bled op"]
[Site "Bled"]
[Date "1998.??.??"]
[Round "7"]
[White "Medancic, Rikard"]
[Black "Stocek, Jiri"]
[Result "0-1"]
[WhiteElo "2300"]
[BlackElo "2450"]

1.d4 Nf6 2.c4 e6 3.Nc3 Bb4 4.Nf3 c5 5.g3 Nc6 6.Bg2 Ne4 7.Bd2 Nxd2 8.Qxd2 cxd4
9.Nxd4 Ne5 10.b3 a6 11.O-O Qa5 12.Rac1 Rb8 13.a4 O-O 14.Qb2 f5 15.Na2 Be7
16.Rfd1 Qc7 17.Qd2 b6 18.Nc3 h6 19.Nf3 f4 20.Nxe5 Qxe5 21.Qd4 Qh5 22.Bf3 Qg6
23.Qd3 Qf7 24.g4 Kh8 25.Ne4 d5 26.cxd5 exd5 27.Qxd5 Be6 28.Qe5 Bxb3 29.Rd7 Rbe8
30.Rcc7 Be6 31.Rd3 Qg6 32.Rc6 Bf6 33.Nxf6 Rxf6 34.Qh5 Qxh5 35.gxh5 Bh3 36.Rxf6 gxf6
37.Bc6 Rg8+ 38.Kh1 Bf1 39.Bf3 Re8 40.Rd2 Bh3 41.Rb2 Rd8 42.Rb1 Rd4 43.Bg2 Bf5
44.Ra1 Bc2 45.a5 bxa5 46.Rxa5 Rd1+ 47.Bf1 f3 48.exf3 Bd3 49.Kg2 Bxf1+ 50.Kg3 Bb5
51.Ra2 Rd5 52.Kg4 Kg7 53.Rc2 a5 54.Rc7+ Rd7 55.Rc5 Rb7  0-1

[Event "Wch-09 blind "]
[Site "Brno"]
[Date "1998.??.??"]
[Round "8"]
[White "Bischoff, Dieter"]
[Black "Krylov, Sergey"]
[Result "1/2-1/2"]
[WhiteElo "2185"]
[BlackElo "2320"]

1.d4 Nf6 2.c4 e6 3.Nf3 Bb4+ 4.Nc3 c5 5.g3 cxd4 6.Nxd4 Ne4 7.Qd3 Nxc3 8.bxc3 Be7
9.e4 a6 10.Be3 d6 11.Be2 Nd7 12.f4 Nc5 13.Qc2 Bd7 14.O-O Ba4 15.Qb1 Qc7 16.Nb3 Nd7
17.Bd3 e5 18.f5 h5 19.h3 Rc8 20.Qe1 Bd8 21.Rb1 Qc6 22.Qf2 b5 23.cxb5 axb5
24.Rfc1 Nc5 25.Nxc5 dxc5 26.Qe2 c4 27.Bc2 Ra8 28.Rd1 Bb6 29.Rb2 Bxc2 30.Rxc2 O-O
31.Rd5 Ra3 32.Bxb6 Qxb6+ 33.Kh2 h4 34.gxh4 Rfa8 35.Rdd2 Rc8 36.Qe1 Kf8 37.Qg1 Qh6
38.Qg5  1/2-1/2

[Event "Bucharest Fest IM"]
[Site "Bucharest"]
[Date "1998.??.??"]
[Round "?"]
[White "Veneteanu, Ion Cristian"]
[Black "Podgorski, S."]
[Result "1/2-1/2"]
[WhiteElo "2225"]
[BlackElo "2305"]

1.d4 Nf6 2.c4 e6 3.Nc3 Bb4 4.Nf3 c5 5.g3 cxd4 6.Nxd4 Nc6 7.Bg2 d5 8.O-O Bxc3
9.bxc3 Na5 10.cxd5 Nxd5 11.Nf5 exf5 12.Bxd5 O-O 13.c4 Be6 14.Ba3 Re8 15.Rc1 Rc8
16.Qd3 Qd7 17.Bb2 b6 18.Rfd1 Nb7 19.e4 fxe4 20.Qxe4 Nc5 21.Qh4 Qe7 22.Qd4 f6
23.Ba3 Qf7 24.Re1 Kh8 25.Rcd1 Qc7 26.Bxc5 bxc5 27.Qd2 Bf5 28.Re3 Rxe3 29.Qxe3 Rb8
30.Re1 h6 31.Kg2 Qc8 32.Be6 Qc6+ 33.Bd5 Qc8 34.Be6 Qc6+ 35.Bd5 Qc8 36.h4 Bh3+
37.Kh2 Bf5 38.Qa3 Qc7 39.Qa4 Kh7 40.Re8 h5 41.Bg8+ Kh6  1/2-1/2

[Event "Bucharest Fest IM"]
[Site "Bucharest"]
[Date "1998.??.??"]
[Round "?"]
[White "Veneteanu, Ion Cristian"]
[Black "Brajovic, Radovan"]
[Result "1-0"]
[WhiteElo "2225"]
[BlackElo "2320"]

1.d4 Nf6 2.c4 e6 3.Nc3 Bb4 4.Nf3 b6 5.Bg5 h6 6.Bh4 Bb7 7.e3 g5 8.Bg3 Ne4
9.Qc2 f5 10.Bd3 Bxc3+ 11.bxc3 d6 12.d5 exd5 13.cxd5 Bxd5 14.Nd4 Qf6 15.f3 Nxg3
16.hxg3 f4 17.Be4 c6 18.Bxd5 cxd5 19.gxf4 gxf4 20.exf4 Nd7 21.Kf2 Nc5 22.Rae1+ Kf7
23.Rh5 Kg8 24.Nf5 Ne6 25.Reh1 Ng7 26.Rxh6 Rxh6 27.Nxh6+ Kf8 28.Ng4 Qxf4 29.Rh8+ Kf7
30.Rxa8 Nf5 31.Qxf5+  1-0

[Event "Ciocaltea mem"]
[Site "Bucharest"]
[Date "1998.??.??"]
[Round "3"]
[White "Florean, Andrei"]
[Black "Kiselev, Sergey"]
[Result "1-0"]
[WhiteElo "2455"]
[BlackElo "2510"]

1.d4 Nf6 2.c4 e6 3.Nc3 Bb4 4.Nf3 c5 5.g3 Ne4 6.Qd3 Qa5 7.Qxe4 Bxc3+ 8.Bd2 Bxd2+
9.Nxd2 O-O 10.dxc5 Qxc5 11.Bg2 d6 12.O-O Nd7 13.Rfd1 Rd8 14.Qh4 Rf8 15.Ne4 Qe5
16.Rd2 d5 17.cxd5 exd5 18.Nc3 Nf6 19.Nxd5 Nxd5 20.Bxd5 Be6 21.Qe4 Qxe4 22.Bxe4 Rad8
23.Rad1 Rxd2 24.Rxd2 g6 25.a3 b6 26.f4 Rc8 27.Rc2 Rd8 28.Bd3 Rd7 29.Rc8+ Kg7
30.Ra8 Kf6 31.Kf2 h6 32.Ke3 Bg4 33.b4 Be6 34.Bb5 Rc7 35.Kd4 Kf5 36.h3 h5
37.e4+ Kf6 38.h4 Bc8 39.Bc4 Ke7 40.Bd5 Bd7 41.Ke5 Bc8 42.f5 f6+ 43.Kf4 gxf5
44.exf5 Bd7 45.g4 hxg4 46.h5 Kd6 47.h6 Bxf5 48.Kxf5 Kxd5 49.Rd8+ Kc4 50.Kxg4 a5
51.bxa5 f5+ 52.Kxf5 bxa5 53.Kf6 Kb3 54.Rd3+ Ka4 55.Rh3 Rc6+ 56.Kg5 Rc5+ 57.Kf4 Rc4+
58.Ke5 Rc5+ 59.Kd6 Rc8 60.h7 Rh8 61.Kc7 Kb5 62.Rh4  1-0

[Event "Budapest Nyar-A"]
[Site "Budapest"]
[Date "1998.??.??"]
[Round "1"]
[White "Stocek, Jiri"]
[Black "Acs, Peter"]
[Result "0-1"]
[WhiteElo "2470"]
[BlackElo "2500"]

1.d4 Nf6 2.c4 e6 3.Nc3 Bb4 4.Nf3 O-O 5.Bg5 d5 6.e3 c6 7.Rc1 Nbd7 8.a3 Bd6
9.Bd3 dxc4 10.Bxc4 b5 11.Bd3 h6 12.Bxf6 Nxf6 13.Ne4 Nxe4 14.Bxe4 b4 15.Qa4 bxa3
16.bxa3 Rb8 17.O-O Rb6 18.Bd3 Qc7 19.Rc3 Bd7 20.Rfc1 Rd8 21.h3 Qb8 22.Qa5 Be8
23.Be4 Rb5 24.Qa6 c5 25.dxc5 Rxc5 26.Rxc5 Bxc5 27.h4 Qb6 28.Qc4 Bxa3 29.Ra1 Bb4
30.Bc2 a5 31.Qe4 f5 32.Qc4 Bb5 33.Qa2 Kh8 34.Bb3 Re8 35.h5 Bc3 36.Rc1 Bf6
37.Ba4 Bxa4 38.Qxa4 Rd8 39.g3 Qb7 40.Rd1 Rxd1+ 41.Qxd1 Kh7 42.g4 Qd5 43.Qe2 a4
44.gxf5 exf5 45.Nd2 a3 46.Nc4 Be7 47.Qc2 Qf3 48.Na5 Qxh5 49.Nc6 a2  0-1

[Event "Budapest Nyar-A"]
[Site "Budapest"]
[Date "1998.??.??"]
[Round "3"]
[White "Stocek, Jiri"]
[Black "Cao Sang"]
[Result "1-0"]
[WhiteElo "2470"]
[BlackElo "2495"]

1.d4 Nf6 2.c4 e6 3.Nc3 Bb4 4.Nf3 b6 5.Bg5 Bb7 6.Qc2 h6 7.Bh4 Be4 8.Qb3 c5
9.O-O-O Bxc3 10.Qxc3 Nc6 11.dxc5 bxc5 12.a3 Rb8 13.e3 Na5 14.Nd2 Bc6 15.Bd3 O-O
16.Bc2 d6 17.f4 Nb7 18.e4 d5 19.exd5 exd5 20.Rhe1 d4 21.Qd3 g6 22.Re6 Be4
23.Rxe4 Qb6 24.Bxf6 Qxf6 25.f5 Nd6 26.Rg4 g5 27.h4 Rfe8 28.hxg5 hxg5 29.Qg3 Re3
30.Rxg5+ Kf8 31.Rg8+ Ke7 32.Qg5 Rxg8 33.Qxg8 d3 34.Ba4 Qxf5 35.Qb8 Qe5 36.Qxa7+ Kf8
37.Qa8+ Kg7 38.Rh1 Re1+ 39.Rxe1 Qxe1+ 40.Bd1 Nf5 41.Qf3 Ne3 42.a4  1-0

[Event "Budapest FS06 GM"]
[Site "Budapest"]
[Date "1998.??.??"]
[Round "5"]
[White "Stocek, Jiri"]
[Black "Roeder, Mathias"]
[Result "1-0"]
[WhiteElo "2450"]
[BlackElo "2435"]

1.d4 Nf6 2.c4 e6 3.Nc3 Bb4 4.Nf3 b6 5.Bg5 Bb7 6.e3 h6 7.Bh4 g5 8.Bg3 Ne4
9.Nd2 Nxc3 10.bxc3 Bxc3 11.Rc1 Bb4 12.h4 Bd6 13.Bxd6 cxd6 14.d5 Qf6 15.Ne4 Qe5
16.Qd4 Ke7 17.hxg5 Na6 18.c5 Qxd4 19.cxd6+ Kf8 20.exd4 exd5 21.Ng3 Nb4 22.a3 Nc6
23.Nf5 h5 24.Rc3 Re8+ 25.Re3 Rxe3+ 26.fxe3 Nd8 27.g4 h4 28.Rxh4 Rxh4 29.Nxh4 Bc6
30.Ba6 Kg7 31.Kf2 Bb7 32.Bb5 Bc6 33.Ba6 Bb7 34.Bd3 Bc6 35.Kg3 Ne6 36.Nf5+ Kf8
37.Kh4 Ng7 38.Ne7 b5 39.g6 f6 40.g5 f5 41.Kg3 a5 42.Kf4 b4 43.axb4 a4 44.Bb1 Bb5
45.Nxd5 Bc4 46.Nb6 Bb5 47.Ba2 Nh5+ 48.Kxf5 Ng3+ 49.Ke5 Kg7 50.Nc4 Ne2 51.Na3 Nc3
52.Bc4 Bxc4 53.Nxc4 Nb5 54.Kd5 Nc3+ 55.Kc5 Ne4+ 56.Kb6 Nxd6 57.Na3 Nf5 58.b5 Nxe3
59.Kc5 d6+ 60.Kxd6  1-0